2024 AFL All-Australian Squad - Statistics

General Stats
  • This quiz has been taken 470 times
    295 since last reset
  • The average score is 17 of 44
Answer Stats
Club Answer % Correct
Brisbane Lachie Neale
91%
Carlton Patrick Cripps
90%
Collingwood Nick Daicos
82%
Fremantle Caleb Serong
74%
Geelong Jeremy Cameron
73%
Brisbane Harris Andrews
72%
Carlton Charlie Curnow
71%
Collingwood Darcy Cameron
71%
Fremantle Andrew Brayshaw
65%
Western Bulldogs Marcus Bontempelli
63%
Port Adelaide Zak Butters
62%
Essendon Zach Merrett
61%
Carlton Jacob Weitering
56%
Melbourne Max Gawn
54%
Sydney Errol Gulden
51%
Gold Coast Noah Anderson
49%
Fremantle Luke Ryan
44%
Brisbane Joe Daniher
42%
Hawthorn James Sicily
40%
North Melbourne Tristan Xerri
40%
GWS Jesse Hogan
37%
Hawthorn Dylan Moore
36%
West Coast Jeremy McGovern
32%
St Kilda Jack Sinclair
30%
Western Bulldogs Adam Treloar
29%
GWS Lachie Whitfield
28%
Brisbane Cam Rayner
27%
Sydney Nick Blakey
27%
Sydney Chad Warner
25%
Brisbane Dayne Zorko
23%
Sydney Isaac Heeney
23%
Port Adelaide Jason Horne-Francis
19%
Port Adelaide Dan Houston
17%
North Melbourne Harry Sheezel
17%
Carlton Harry McKay
14%
West Coast Jake Waterman
14%
Hawthorn Massimo D'Ambrosio
13%
Western Bulldogs Bailey Dale
12%
Fremantle Hayden Young
11%
Geelong Max Holmes
9%
Fremantle Jordan Clark
8%
GWS Brent Daniels
7%
Gold Coast Sam Collins
6%
Geelong Tyson Stengle
6%
No matching quizzes found
Score Distribution
Percent of People with Each Score
Percentile by Number Answered
Your Score History
You have not taken this quiz since the last reset